00000000nam 2200000za 4500
0019.644553
003CaOODSP
00520241127112814
007ta
008150407|1992||||xxc|||||     f|0| 0 eng d
020 |a0-662-19745-3
040 |aCaOODSP|beng
043 |an-cn---
0861 |aEn56-94/1992E
1101 |aCanada. |bAtmospheric Environment Service.
24514|aThe ozone layer: what's happening up there?
260 |bEnvironment Canada.
300 |a4p. : |bfigs. ; |c28 cm.
563 |aSoftcover
590 |a92-23|b1992-06-05
77508|tLa couche d'ozone, qu'est-ce qui se passe là-haut? |w(CaOODSP)9.678385
7760#|tThe ozone layer : |w(CaOODSP)9.919469